Veselý V. a kol.: Navrhovanie a projektovanie ASR TP

Bibliographic Details
Main Authors: Skyva, Ladislav, 1934- (Author), Veselý, Vojtech, 1940- (Author)
Format: Article
Language:Slovak
ISSN:0013-578X
Subjects:

MARC

LEADER 00000nab a2200000 a 4500
001 vtls000510675
003 SK-MaSNL
005 20260304181454.0
008 250425c1993 xo 0 slo
015 |a SNBRB19rr/mm-uuuuu 
035 |a CL0510813 
035 |a urn:nbn:sk:snk-abd2hm 
035 |a (urnnbn)urn:nbn:sk:snk:ar-006wn2 
035 |a (uuid)6406db7b-2734-4ed6-be67-b9a663b22fd1 
040 |a SNKBUCL  |b slo  |c SNKBUCL  |e AACR2 
041 0 |a slo 
044 |a xo  |c SK 
080 |a 681.5:658.512:658.114.012.4:681.3  |2 1981 
080 |a 658.512  |2 1981 
080 |a 658.114.012.4  |2 1981 
080 |a 681.3  |2 1981 
100 1 |a Skyva, Ladislav,  |d 1934-  |4 aut  |9 9150 
245 1 0 |a Veselý V. a kol.: Navrhovanie a projektovanie ASR TP  |c L. Skýva 
650 0 7 |a technologické procesy  |2 snkbucl  |9 28633 
650 0 7 |a automatizované systémy riadenia  |2 snkbucl  |9 28612 
655 7 |a články z novín a časopisov  |2 snkbucl  |9 267496 
700 1 |a Veselý, Vojtech,  |d 1940-  |4 aut  |9 201574 
773 0 |t Elektrotechnický časopis  |g Roč. 44, č. 7 (1993), s. 200  |x 0013-578X 
787 0 8 |i Rec.:  |a Veselý, Vojtech  |t Navrhovanie a projektovanie ASR TP  |d Bratislava : Alfa, 1992 
850 |a Slovenská národná knižnica 
852 |a Slovenská národná knižnica 
954 |a odborná, vedecká literatúra pôvodná (slovenská)  |2 lita 
958 |a article17 
958 |a NB 
958 |a RK 
958 |a OND 
958 |a EUIPO 
992 |a RBX 
999 |c 3024229  |d 3026159